Pricing estratégico

Сохранить в:
Библиографические подробности
Главные авторы: Nueno, José Luis (autor), Scholz, D (Автор)
Формат:
Язык:испанский
Опубликовано: Barcelona Folio 1997
Серии:Biblioteca IESE de Gestión de Empresas
Предметы:
Метки: Добавить метку
Нет меток, Требуется 1-ая метка записи!

MARC

LEADER 00000nam a2200000 a 4500
001 UCP1527
003 CL-VaPUC
008 990416e19970000SP |||||||||||||||||spa|d
082 0 4 |a 338.52  |b NUE  |2 21 
100 |a Nueno, José Luis  |e autor  |9 436823 
700 0 |a Scholz, D  |e author  |9 427612 
245 1 0 |a Pricing estratégico 
300 |a 120 p 
942 |c BK 
945 |d 19990416 00:00:00  |a rbrito 
260 |a Barcelona  |b Folio  |c 1997 
650 7 |a FIJACION DE PRECIOS  |2 CL-VaPUC  |9 413250 
650 0 |a Ventas  |9 259323 
650 7 |a RENTABILIDAD  |2 CL-VaPUC  |9 351669 
650 0 |a Producción   |9 263680 
650 0 |a Administración de empresas   |9 260833 
583 |a last modification  |c 19990416 00:00:00  |k Rodrigo Vera 
490 0 |a Biblioteca IESE de Gestión de Empresas 
999 |c 280197  |d 280195 
952 |0 0  |1 0  |4 0  |6 338_520000000000000_NUE_1997  |7 0  |8 A  |9 320408  |a BIBENE  |b BIBENE  |d 2019-11-20  |i 3505839  |o 338.52 NUE 1997  |p 3505839  |r 2025-01-15  |w 2019-11-20  |y BK  |k ICO 
952 |0 0  |1 0  |4 0  |6 338_520000000000000_NUE_1997  |7 0  |8 A  |9 320409  |a BIBENE  |b BIBENE  |d 2019-11-20  |i 3505847  |o 338.52 NUE 1997  |p 3505847  |r 2025-01-15  |w 2019-11-20  |y BK  |k ICO